000 01874nam0a22003251 4500
001 RU\NLR\UK\1735
005 20260408064834.0
035 _a(NLR Aleph) 009799529
090 _a10168911
_c10168911
100 _a20030129j1757 u y0rusy50 ca
101 0 _arus
102 _aRU
200 1 _aУказ ея императорскаго величества самодержицы всероссиискои,
_e[О рассылке указа о присутствии при пожарных случаях членов судебных мест]
_eПравительствующаго Сената из канторы
210 _a[Б.м.
_dиюнь 1757]
215 _a[1] л.
_d
300 _aРассылка сенат. указа от июня 1757 г.
304 _aТекст начинается словами: Сего июня 18 дня 1757 года, Правительствующаго Сената в канторе...
306 _aВ конце текста дата рассылки: Июня дня, 1757 года.
316 _aВ экз. РНБ имеются рукоп. пометы
_5123/143
316 _aВ экз. РНБ, адресованом Соляной канторе, дата рассылки вписана от руки: Июня 27 дня, 1757 года
_5123/143
517 1 _aСего июня 18 дня 1757 года, Правительствующаго Сената в канторе...
702 0 _4720
_8rus
_7ca
_aЕлизавета Петровна
_cимператрица российская
_f1709-1762
_3RU\NLR\AUTH\778655
_9118551
710 0 1 _aРоссия
_bИмператрица
_c1741-1762; Елизавета Петровна
_3RU\NLR\AUTH\8810042736
_9584915
801 0 _aRU
_bNLR
_c20030129
852 _aNLR
_j123/143
942 _cBOOK
980 _aNB
980 _aA1XVIIIv
980 _aA1UKAZ